Wheels and rims as applied to transportation (Record no. 72385)

MARC details
000 -LEADER
fixed length control field 00276nam a2200109Ia 4500
100 ## - MAIN ENTRY--AUTHOR NAME
Personal name Wright J
245 #0 - TITLE STATEMENT
Title Wheels and rims as applied to transportation
260 ## - PUBLICATION, DISTRIBUTION, ETC. (IMPRINT)
Name of publisher IRI Transactions
Year of publication 1930
300 ## - PHYSICAL DESCRIPTION
Number of Pages 332-350
942 ## - ADDED ENTRY ELEMENTS (KOHA)
Koha item type Journals
Holdings
Withdrawn status Lost status Damaged status Not for loan Home library Current library Shelving location Date acquired Serial Enumeration / chronology Koha item type
      Journals RRII Library RRII Library Rubber chemistry 17/12/2021 Volume 6, Issue 4 Journals